|
|
|
|
| LEADER |
03477nam a2200481 a 4500 |
| 001 |
2959704 |
| 008 |
090713r20101997enka b 000 0 eng d |
| 010 |
|
|
|a \\\91015777
|
| 020 |
|
|
|a 0521331110
|
| 020 |
|
|
|a 0521337291 (paper)
|
| 020 |
|
|
|a 8185618992
|
| 020 |
|
|
|a 9788185618999
|
| 040 |
|
|
|a DLC
|c DLC
|d DLC
|
| 082 |
0 |
0 |
|a 822.3/3
|2 20
|
| 100 |
1 |
|
|a Shakespeare, William,
|d 1564-1616.
|
| 240 |
1 |
0 |
|a King Lear
|
| 245 |
1 |
4 |
|a The tragedy of King Lear /
|c edited by Jay L. Halio.
|
| 260 |
|
|
|a Cambridge ;
|a New York :
|b Cambridge University Press ;
|a New Delhi :
|b Foundation Books,
|c 1997 [Reprinted 2010]
|
| 300 |
|
|
|a xxi, 313 p. :
|b ill. ;
|c 24 cm.
|
| 490 |
1 |
|
|a The New Cambridge Shakespeare
|
| 504 |
|
|
|a Includes bibliographical references (p. 311-313).
|
| 541 |
1 |
|
|e 00022096
|
| 650 |
|
0 |
|a Lear, King (Legendary character)
|x Drama.
|
| 650 |
|
0 |
|a Inheritance and succession
|v Drama.
|
| 650 |
|
0 |
|a Fathers and daughters
|v Drama.
|
| 650 |
|
0 |
|a Kings and rulers
|v Drama.
|
| 650 |
|
0 |
|a Aging parents
|v Drama.
|
| 650 |
|
0 |
|a Britons
|v Drama.
|
| 700 |
1 |
|
|a Halio, Jay L.
|
| 852 |
4 |
|
|a Ayesha Abed Library
|j General shelf
|
| 942 |
0 |
0 |
|0 10
|
| 999 |
|
|
|c 10564
|d 10564
|
| 952 |
|
|
|0 0
|1 0
|2 ddc
|4 0
|6 822_330000000000000_SHA
|7 0
|9 14839
|a BRACUL
|b BRACUL
|c GEN
|d 2011-03-22
|e Development Book Agency
|g 559.00
|l 19
|m 138
|o 822.33 SHA
|p 3010022096
|r 2026-05-20
|s 2025-10-25
|t 1
|w 2011-03-22
|y BK
|
| 952 |
|
|
|0 0
|1 0
|2 ddc
|4 0
|6 822_330000000000000_SHA
|7 0
|9 14840
|a BRACUL
|b BRACUL
|c GEN
|d 2011-03-22
|e Development Book Agency
|g 559.00
|l 16
|m 98
|o 822.33 SHA
|p 3010022097
|r 2025-12-11
|s 2025-11-18
|t 2
|w 2011-03-22
|y BK
|
| 952 |
|
|
|0 0
|1 0
|2 ddc
|4 0
|6 822_330000000000000_SHA
|7 0
|9 14841
|a BRACUL
|b BRACUL
|c GEN
|d 2011-03-22
|e Development Book Agency
|g 559.00
|l 19
|m 136
|o 822.33 SHA
|p 3010022098
|r 2026-01-14
|s 2025-12-21
|t 3
|w 2011-03-22
|y BK
|
| 952 |
|
|
|0 0
|1 0
|2 ddc
|4 0
|6 822_330000000000000_SHA
|7 0
|9 14842
|a BRACUL
|b BRACUL
|c GEN
|d 2011-03-22
|e Development Book Agency
|g 559.00
|l 13
|m 130
|o 822.33 SHA
|p 3010022099
|r 2026-01-15
|s 2025-10-14
|t 4
|w 2011-03-22
|y BK
|
| 952 |
|
|
|0 0
|1 4
|2 ddc
|4 0
|6 822_330000000000000_SHA
|7 0
|9 14843
|a BRACUL
|b BRACUL
|c GEN
|d 2011-03-22
|e Development Book Agency
|g 559.00
|l 7
|m 18
|o 822.33 SHA
|p 3010022100
|r 2014-11-09
|s 2014-10-27
|t 5
|w 2011-03-22
|y BK
|x Koha Inventory 2020
|
| 952 |
|
|
|0 0
|1 0
|2 ddc
|4 0
|6 822_330000000000000_SHA
|7 0
|9 14844
|a BRACUL
|b BRACUL
|c GEN
|d 2011-03-22
|e Development Book Agency
|g 559.00
|l 11
|m 79
|o 822.33 SHA
|p 3010022101
|r 2025-04-06
|s 2024-11-04
|t 6
|w 2011-03-22
|y BK
|
| 952 |
|
|
|0 0
|1 0
|2 ddc
|4 0
|6 822_330000000000000_SHA
|7 0
|9 14845
|a BRACUL
|b BRACUL
|c GEN
|d 2011-03-22
|e Development Book Agency
|g 559.00
|l 19
|m 148
|o 822.33 SHA
|p 3010022102
|r 2026-01-15
|s 2025-10-14
|t 7
|w 2011-03-22
|y BK
|
| 952 |
|
|
|0 0
|1 0
|2 ddc
|4 0
|6 822_330000000000000_SHA
|7 0
|9 14846
|a BRACUL
|b BRACUL
|c GEN
|d 2011-03-22
|e Development Book Agency
|g 559.00
|l 19
|m 119
|o 822.33 SHA
|p 3010022103
|r 2026-01-15
|s 2025-10-20
|t 8
|w 2011-03-22
|y BK
|
| 952 |
|
|
|0 0
|1 0
|2 ddc
|4 0
|6 822_330000000000000_SHA
|7 0
|9 14847
|a BRACUL
|b BRACUL
|c GEN
|d 2011-03-22
|e Development Book Agency
|g 559.00
|l 21
|m 60
|o 822.33 SHA
|p 3010022104
|r 2026-01-13
|s 2026-01-12
|t 9
|w 2011-03-22
|y BK
|
| 952 |
|
|
|0 0
|1 0
|2 ddc
|4 0
|6 822_330000000000000_SHA
|7 0
|9 14848
|a BRACUL
|b BRACUL
|c GEN
|d 2011-03-22
|e Development Book Agency
|g 559.00
|l 18
|m 149
|o 822.33 SHA
|p 3010009320
|r 2026-05-17
|s 2026-02-02
|t 10
|w 2011-03-22
|y BK
|
| 952 |
|
|
|0 0
|1 0
|2 ddc
|4 0
|6 822_330000000000000_SHA
|7 0
|9 44088
|a BRACUL
|b BRACUL
|c GEN
|d 2014-11-18
|e BRAC Institute of Language (BIL)
|l 6
|m 49
|o 822.33 SHA
|p 3010028605
|r 2026-01-15
|s 2025-12-21
|t 1
|w 2014-11-18
|y BK
|x Transferred from BIL to BRACUL on 06/06/22
|